Contemporary world politics (A) : (Record no. 9191)

MARC details
000 -LEADER
fixed length control field 00665cam a2200229ua 4500
008 - FIXED-LENGTH DATA ELEMENTS--GENERAL INFORMATION
fixed length control field 171004n ii |||gr||||Z||||||asm
020 ## - INTERNATIONAL STANDARD BOOK NUMBER
International Standard Book Number 9788191068917
040 ## - CATALOGING SOURCE
Transcribing agency MAIN
041 ## - LANGUAGE CODE
-- asm
082 ## - DEWEY DECIMAL CLASSIFICATION NUMBER
Classification number 327
100 ## - MAIN ENTRY--PERSONAL NAME
Personal name Chakrawarty, Adyanath,
Relator term
245 ## - TITLE STATEMENT
Title Contemporary world politics (A) :
Remainder of title HS 2nd year /
Statement of responsibility, etc. By Adyanath Chakrawarty and others .
250 ## - EDITION STATEMENT
Edition statement 18th ed.
260 ## - PUBLICATION, DISTRIBUTION, ETC.
Place of publication, distribution, etc. Guwahati:
Name of publisher, distributor, etc. Arun prakashan,
Date of publication, distribution, etc. 2017.
300 ## - PHYSICAL DESCRIPTION
Extent 184p.
700 ## - ADDED ENTRY--PERSONAL NAME
Personal name Paul, Kripesh Chandra,
Relator term
700 ## - ADDED ENTRY--PERSONAL NAME
Personal name Nayak, Pratul Chandra,
Relator term
700 ## - ADDED ENTRY--PERSONAL NAME
Personal name Dutta, Akhil Ranjan,
Relator term
942 ## - ADDED ENTRY ELEMENTS (KOHA)
Koha item type Books
653 ## - INDEX TERM--UNCONTROLLED
Uncontrolled term International relations
Holdings
Withdrawn status Lost status Damaged status Not for loan Home library Current library Shelving location Date acquired Total Checkouts Full call number Barcode Date due Date last seen Date last checked out Copy number Price effective from Koha item type
        Central Library, Naharkatiya College Central Library, Naharkatiya College General Stacks 19/09/2020 25 327 | CON 23876 15/06/2024 29/05/2024 29/05/2024 1 19/09/2020 Books

Naharkatiya College © 2020. All rights reserved.

Powered By